Epidemiological survey on new castleand fowl pox disease of local chicken in borset district kompong speu province, អង្កេតពីការរាតត្បាតពីជំងឺដង្កោកាច់ និងជំងឺអុតក្ដាមទៅលើពូជមាន់ក្នុងស្រុក នៅស្រុកបសេដ្ឋ ខេត្ដកំពង់ស្ពឺ (Record no. 2604)

000 -LEADER
fixed length control field 00776nam a22001577a 4500
003 - CONTROL NUMBER IDENTIFIER
control field OSt
005 - DATE AND TIME OF LATEST TRANSACTION
control field 20151024140416.0
008 - FIXED-LENGTH DATA ELEMENTS--GENERAL INFORMATION
fixed length control field 151024b xxu||||| |||| 00| 0 eng d
040 ## - CATALOGING SOURCE
Transcribing agency RUA
082 ## - DEWEY DECIMAL CLASSIFICATION NUMBER
Classification number AVM VON 2012 B102 Or.1
100 ## - MAIN ENTRY--PERSONAL NAME
9 (RLIN) 2783
Personal name VONG, CHANNEANG.
245 ## - TITLE STATEMENT
Title Epidemiological survey on new castleand fowl pox disease of local chicken in borset district kompong speu province, អង្កេតពីការរាតត្បាតពីជំងឺដង្កោកាច់ និងជំងឺអុតក្ដាមទៅលើពូជមាន់ក្នុងស្រុក នៅស្រុកបសេដ្ឋ ខេត្ដកំពង់ស្ពឺ
260 ## - PUBLICATION, DISTRIBUTION, ETC. (IMPRINT)
Place of publication, distribution, etc. Phnom Penh
Name of publisher, distributor, etc. RUA
Date of publication, distribution, etc. 2012
300 ## - PHYSICAL DESCRIPTION
Extent x; 46p.
Other physical details ill.
Dimensions 29cm.
942 ## - ADDED ENTRY ELEMENTS (KOHA)
Source of classification or shelving scheme
Koha item type AVM
Holdings
Price effective from Date last seen Permanent Location Not for loan Date acquired Source of classification or shelving scheme Koha item type Lost status Withdrawn status Total Renewals Date last checked out Total Checkouts Shelving location Damaged status Barcode Current Location Full call number
2015-10-242017-02-03Library Block B 2015-10-24 AVM   2017-01-023B102 RUA009028Library Block BAVM VON 2012 B102 Or.1
2015-10-242017-02-08Library Block B 2015-10-24 AVM   2016-12-261B102 RUA020076Library Block BAVM VON 2012 B102 Or.2
2015-10-242015-10-24Library Block B 2015-10-24 AVM     B102 RUA020037Library Block BAVM VON 2012 B102 Or.3
2015-10-242016-11-08Library Block B 2015-10-24 AVM  22016-10-182B102 RUA018855Library Block BAVM VON 2012 B102 Or.4
2015-10-242015-10-24Library Block B 2015-10-24 AVM     B102 RUA018948Library Block BAVM VON 2012 B102 Or.5
2015-10-242016-08-24Library Block B 2015-10-24 AVM  22016-06-141B102 RUA019597Library Block BAVM VON 2012 B102 Or.6
មជ្ឈមណ្ឌលឯការនៃសាកលវិទ្យាល័យភូមិន្ទកសិកម្មចំការដូង

Powered by Koha